000 00404nam a2200169Ia 4500
008 220216s9999 xx 000 0 und d
100 _aJacob J L
245 0 _aLatex diagnosis
260 _bPlantations, Recherche, Developpement
_c1995
300 _a33-37
500 _aSource Year: 1995
700 _aEschbach J M
700 _aLacrotte R
700 _aPrevot J C
856 _uHOA
942 _cJS
999 _c62004
_d62004